Por el Estado de Derecho en todo el mundo: el programa Estado de Derecho de la Fundación Konrad Adenauer

Saved in:
Bibliografiske detaljer
Hovedforfatter: Tucci, Gustavo (Author)
Format: Bog
Sprog:spansk
Udgivet: Berlín Konrad Adenauer Stiftung 2008
Fag:
Tags: Tilføj Tag
Ingen Tags, Vær først til at tagge denne postø!

MARC

LEADER 00000nam a2200000 a 4500
001 UCH9056
003 CL-VaPUC
008 091217e20080000GW |||||||||||||||||spa|d
082 0 4 |a 340.112  |b TUC  |2 21 
100 0 |a Tucci, Gustavo  |e author  |9 545887 
245 1 0 |a Por el Estado de Derecho en todo el mundo: el programa Estado de Derecho de la Fundación Konrad Adenauer 
300 |a 38 p 
942 |c BK 
945 |d 20091217 00:00:00  |a dcastane 
260 |a Berlín  |b Konrad Adenauer Stiftung  |c 2008 
650 7 |a ETICA DEL DERECHO  |2 CL-VaPUC  |9 476326 
650 0 |a Filosofía del derecho   |9 255050 
650 0 |a Valores morales   |9 310604 
650 0 |a Estado de derecho  |9 257795 
650 0 |a Dignidad humana   |9 394427 
583 |a last modification  |c 20091217 00:00:00  |k Rodrigo Vera 
999 |c 339123  |d 339121 
952 |0 0  |1 0  |2 ddc  |4 0  |6 340_112000000000000_TUC_2008  |7 0  |8 A  |9 432565  |a BIBDER  |b BIBDER  |d 2019-11-22  |i 4627695  |o 340.112 TUC 2008  |p 4627695  |r 2023-01-25  |w 2019-11-22  |y MX  |k DER